[Event "Region V"]
[Site "Warren, MI"]
[Date "2000.??.??"]
[Round "5"]
[White "Vandivier, Don"]
[Black "Mazuchowski, Tom"]
[Result "1-0"]
[WhiteElo "1850"]
[BlackElo "2194"]
[Annotator "Don Vandivier"]
[PlyCount "61"]
[EventDate "2000.10.07"]

1. c4 Nf6 2. Nc3 g6 3. g3 Bg7 4. Bg2 O-O 5. d3 d6 6. Bd2 e5 7. Qc1 {A strange
m ove... which gives away my intensions. I plan on playing the "Van-attack!",
a line I devised for Black against the English. To date I have beaten over 6
Experts and a dozen A players using this system for Black!} c6 8. Bf3 $5 {
Another strange move... but extremely strong. White could not play 8. Bh6?
because of 8...BxB 9. QxB Ng4 10. Qd2 h5! This line no longer works now and
Whote threatens Bh6 followed by h4, h5 and hxg opening the h-file on the black
king.} Be6 9. Bh6 Ne8 $6 {Better was 9...d5! striking in the center. Black
obviously underestimates the power of white's attack.} 10. h4 f5 11. h5 Qf6 {
A good move. Is black attacking or defending?} 12. hxg6 hxg6 13. Bxg7 Qxg7 14.
Qg5 Nd7 15. e4 $1 Qf6 16. Qh6 Kf7 {Oh! He's trying to run away from me!} 17.
Nh3 {I actually considered the line 17. Qh7 + Qg7 18. Nh3! but decided that
the simple Nh3 was best.} Ng7 18. Ng5+ Ke7 19. Nh7 Qf7 {19...Rh8 is worse. 20.
NxQ RxQ 21. RxR} 20. Qg5+ $1 {Getting the queen off the h-file so that the
white rooks can use it.} Nf6 21. Nxf8 Rxf8 22. O-O-O Kd7 23. Rh6 fxe4 24. Bxe4
Bf5 {I expected his move. It's all that black has and I found a killer move
before going into this line.} 25. g4 $3 Nxg4 $2 {Looks like a good move but
drops a piece! However black was about to drop everything anyways.} 26. Bxf5+
Qxf5 27. Rxg6 {Simple and to the point. A knight fork! :)} Qxg5+ 28. Rxg5 Ne6
29. Rxg4 Rxf2 30. Rh1 {An amazingly stupid move is 30. Rd2? Rf1 + 31. Kc2? Nd4
+} Kc7 31. Ne4 1-0

[Event "U.P. Open"]
[Site "Sault Ste. Marie, MI"]
[Date "2000.??.??"]
[Round "4"]
[White "Peredun, Andrew"]
[Black "Ciaffone, Bob"]
[Result "1-0"]
[WhiteElo "2073"]
[BlackElo "2213"]
[Annotator "Bob Ciaffone"]
[PlyCount "73"]
[EventDate "2000.08.??"]

{My opponent had a USCF rating of only 2073, but his Canadian rating of around
2300 is a truer indication of his middlegame playing strength.} 1. e4 c5 2. Nf3
e6 3. d3 {As happens fairly often, my opponent thinks the Kings Indian Attack
can be used to good effect against black when e6 is played.} Nc6 4. Nbd2 {Not
a bad move, but white gives up on any system involving a quick e4, so I think
4.g3 is more accurate. black has not played d5, so the move Nbd2 is not yet
necessary.} g6 5. g3 Bg7 6. Bg2 Nge7 7. O-O O-O 8. Re1 {My opponen t was
unhappy with this move in the post-mortem. As soon as black stops e5 the rook
belongs on the f-file.} e5 {It is possible that 8...d6 is more accurate, since
it also stops e5, and black should wait until white plays c3 before fixing the
pawn structure.} 9. Nc4 d6 10. a4 h6 11. c3 Be6 12. h3 Qd7 13. Kh2 f5 {Black
has the initiative.} 14. exf5 Nxf5 {Although blac k still has some advantage
after this move, better was 14...gxf5! with a dominating pawn center for black.
} 15. Ne3 Nfe7 {Black has a space advantage, and does not want the white
bishop coming to e3.} 16. Nc2 {With the obvious plan of playing d4.} Rae8 $6 {
Correct was the move even a patzer would find of simply 16...d5!} 17. d4 exd4
18. cxd4 c4 {Positionally suspect.} 19. Bd2 d5 20. Bc3 Bf5 21. Ne5 $1 Bxe5 {
Black gives up both bishops for knights in order to mobilize his center pawns,
but the weakness of his kingside dooms this active plan.} 22. dxe5 Bxc2 23.
Qxc2 d4 24. Bd2 $1 (24. Rad1 d3 25. Qd2 Kh7 {This would be better for black
than the game line.}) 24... Rxf2 25. Qxc4+ Kg7 $2 {25...Kh7 was mandatory.} 26.
Rad1 Qf5 27. Rf1 Rf8 {I saw the next half-dozen moves of the combination and
knew I was lost, but could not prevent what came.} 28. Rxf2 Qxf2 29. Bxh6+ $1
Kxh6 30. Rf1 Nxe5 31. Rxf2 $1 (31. Qc1+ $2 Qe3 32. Qxe3+ dxe3 33. Rxf8 e2 {And
the black pawn queens.}) 31... Nxc4 32. Rxf8 Nxb2 33. Rf7 Nf5 34. Rxb7 Nxa4 35.
Rxa7 Nc5 36. g4 Ne3 37. Bf3 1-0

[Event "Michigan Class A"]
[Site "Grand Rapids, MI"]
[Date "2000.01.08"]
[Round "2"]
[White "Pierce, Kevin"]
[Black "Aldrich, Jeff"]
[Result "0-1"]
[WhiteElo "1909"]
[BlackElo "1903"]
[PlyCount "82"]
[EventDate "2000.01.08"]

1. Nf3 d5 2. d4 Nf6 3. e3 e6 4. Bd3 c5 5. b3 Nc6 6. Bb2 Bd6 7. Nbd2 O-O 8. O-O
b6 9. Ne5 Nb4 10. Be2 cxd4 11. exd4 Ba6 12. c4 Rc8 13. a3 Nc6 14. Nxc6 Rxc6 15.
g3 Qe7 16. Bd3 Rcc8 17. Qf3 Bb7 18. Qe2 Rfd8 19. Rfe1 h5 20. Nf3 Qc7 21. Ne5 h4
22. g4 Ne4 23. Rac1 Qe7 24. b4 Bxe5 25. dxe5 Ng5 26. Qe3 dxc4 27. Be2 Bd5 28.
f4 Ne4 29. Bf3 Nd2 30. Bxd5 Rxd5 31. Re2 Qd7 32. Rc2 Nb3 33. Bc3 Rd3 34. Qe4 b5
35. f5 Qd5 36. fxe6 fxe6 37. Qxd5 exd5 38. e6 d4 39. Be1 Rd1 40. e7 Re8 41. Re5
d3 0-1

[Event "Michigan Class A"]
[Site "Grand Rapids, MI"]
[Date "2000.01.08"]
[Round "3"]
[White "Aldrich, Jeff"]
[Black "al-Shareef, Robert"]
[Result "1-0"]
[WhiteElo "1903"]
[BlackElo "1841"]
[PlyCount "135"]
[EventDate "2000.01.08"]

1. d4 Nf6 2. c4 g6 3. Nc3 d5 4. cxd5 Nxd5 5. e4 Nxc3 6. bxc3 Bg7 7. Bc4 c5 8.
Be3 Nc6 9. Ne2 cxd4 10. cxd4 O-O 11. O-O Bg4 12. f3 Na5 13. Bxf7+ Rxf7 14. fxg4
Rxf1+ 15. Kxf1 Qd6 16. Qa4 b6 17. Kg1 Qe6 18. Ng3 Qxg4 19. Rf1 Rc8 20. Qb5 Nc4
21. Bf2 e5 22. d5 Nd6 23. Qa6 Qd7 24. Qd3 Qa4 25. a3 Bf8 26. Ra1 Nb5 27. Ne2
Rc4 28. d6 Bxd6 29. Qd5+ Kg7 30. Bh4 Rxe4 31. Nc3 Bc5+ 32. Qxc5 bxc5 33. Nxa4
Rxa4 34. Be7 Rxa3 35. Rb1 a6 36. Bxc5 Ra2 37. h3 Kf6 38. Rf1+ Ke6 39. Re1 Nc3
40. Bd4 Re2 41. Bxc3 Rxe1+ 42. Bxe1 Kd5 43. Kf2 Ke4 44. Ke2 Kd4 45. Ba5 h5 46.
h4 Ke4 47. g3 Kf5 48. Bd8 Kg4 49. Kf2 Kf5 50. Kf3 e4+ 51. Ke3 Kg4 52. Kxe4 Kxg3
53. Kd4 Kg4 54. Kc5 Kf5 55. Kb6 g5 56. Bxg5 a5 57. Kxa5 Ke5 58. Kb5 Kd5 59. Bd8
Kd6 60. Kc4 Ke5 61. Kd3 Kf5 62. Ke3 Ke5 63. Bg5 Kf5 64. Kd4 Kg4 65. Ke4 Kg3 66.
Kf5 Kh3 67. Kg6 Kg4 68. Bf6 1-0

[Event "Michigan Class A"]
[Site "Grand Rapids, MI"]
[Date "2000.01.08"]
[Round "1"]
[White "Aldrich, Jeff"]
[Black "Baze, Lineas"]
[Result "0-1"]
[WhiteElo "1903"]
[BlackElo "1996"]
[PlyCount "119"]
[EventDate "2000.01.08"]

1. d4 Nf6 2. c4 g6 3. Nc3 Bg7 4. e4 d6 5. f3 O-O 6. Be3 e5 7. d5 c6 8. Qd2 cxd5
9. cxd5 Ne8 10. h4 f6 11. g4 Kf7 12. Be2 Rh8 13. f4 h6 14. O-O-O Nd7 15. Rf1
Kg8 16. Nf3 Nc5 17. g5 Qc7 18. Qc2 exf4 19. Bxf4 fxg5 20. Nb5 Nb3+ 21. axb3
Qxc2+ 22. Kxc2 gxf4 23. Rhg1 Bh3 24. Rf2 a6 25. Nc3 Kh7 26. Bd3 Be5 27. Ne2 Ng7
28. Ned4 Bd7 29. Nxe5 dxe5 30. Nf3 Rhe8 31. Rfg2 Rac8+ 32. Kd2 Nh5 33. Rxg6 Ng3
34. Rb6 Rb8 35. Bc4 Nxe4+ 36. Ke1 Ng3 37. Kf2 e4 38. Nd4 Bg4 39. Rxg3 fxg3+ 40.
Kxg3 Bd7 41. Ne6 Bxe6 42. dxe6 Kg7 43. Kf4 Kf6 44. Kxe4 Re7 45. Kd5 Rg8 46. Be2
Rg2 47. Bh5 Rd2+ 48. Kc4 Rxe6 49. Rxb7 Rc6+ 50. Kb4 Rd4+ 51. Ka3 Rxh4 52. Be2
Rh2 53. Bc4 h5 54. Ra7 Rh1 55. Ka2 Rb6 56. Bxa6 h4 57. Bc4 Ke5 58. Re7+ Kd4 59.
Rd7+ Kc5 60. Be2 $138 0-1

[Event "Michigan Class A"]
[Site "Grand Rapids, MI"]
[Date "2000.01.09"]
[Round "5"]
[White "Turner, Keita"]
[Black "Aldrich, Jeff"]
[Result "1-0"]
[WhiteElo "1821"]
[BlackElo "1903"]
[PlyCount "85"]
[EventDate "2000.01.08"]

1. d4 d5 2. Nf3 Nf6 3. Nbd2 e6 4. e3 Bd6 5. Ne5 Nbd7 6. f4 O-O 7. Bd3 c5 8. c3
Qe7 9. O-O Re8 10. g4 Nf8 11. g5 N6d7 12. h4 f6 13. Ng4 e5 14. dxe5 fxe5 15. f5
e4 16. f6 Qf7 17. fxg7 Qxg7 18. Nh6+ Kh8 19. Nf7+ Kg8 20. Nxd6 Re7 21. Nf5 Qe5
22. Nxe7+ Qxe7 23. Nxe4 dxe4 24. Bc4+ Ne6 25. Qg4 Ne5 26. Qxe4 Nxc4 27. Qxc4 b5
28. Qd3 c4 29. Qf5 Bb7 30. Qxb5 Qc7 31. Rf2 Qg3+ 32. Kf1 Qh3+ 33. Ke2 Qg4+ 34.
Ke1 Rd8 35. Bd2 Qg1+ 36. Rf1 Qg3+ 37. Rf2 Rxd2 38. Qe8+ Kg7 39. Qf7+ Kh8 40.
Qf6+ Kg8 41. Qxe6+ Kg7 42. Qf7+ Kh8 43. Qf8# 1-0

[Event "Michigan Class A"]
[Site "Grand Rapids, MI"]
[Date "2000.01.09"]
[Round "4"]
[White "Bambrough, Brian"]
[Black "Aldrich, Jeff"]
[Result "0-1"]
[WhiteElo "1999"]
[BlackElo "1903"]
[PlyCount "70"]
[EventDate "2000.01.08"]

1. c4 Nf6 2. Nc3 c6 3. d4 d5 4. e3 e6 5. Nf3 Nbd7 6. Bd3 Be7 7. O-O O-O 8. Qc2
h6 9. Bd2 dxc4 10. Bxc4 b5 11. Bd3 Bb7 12. e4 Nb6 13. Rad1 b4 14. Ne2 Rc8 15.
Qc1 Re8 16. e5 Nfd5 17. Bxh6 Bf8 18. Bd2 c5 19. Ng5 Qe7 20. Qb1 g6 21. Nxf7
Qxf7 22. Bxg6 Qg7 23. Bxe8 Nc3 24. Qg6 Nxe2+ 25. Kh1 Rxe8 26. Qxg7+ Kxg7 27.
dxc5 Bxc5 28. Be3 Bxe3 29. fxe3 Rh8 30. Rf6 Bd5 31. b3 Nd7 32. Rf2 Nc3 33. Rd4
Nxe5 34. Rxb4 Ne4 35. Rf4 Ng3+ 0-1

[Event "Kalamazoo January Mini-Swiss.2"]
[Site "Kalamazoo, MI"]
[Date "2000.01.22"]
[Round "1"]
[White "Worley, Ron"]
[Black "Linklater, Erik"]
[Result "1-0"]
[WhiteElo "1358"]
[BlackElo "719"]
[PlyCount "59"]
[EventDate "2000.01.22"]

1. e4 e6 2. d3 d5 3. Nd2 Nf6 4. g3 Be7 5. Bg2 O-O 6. Ngf3 c5 7. O-O Nc6 8. Re1
dxe4 9. Nxe4 Nxe4 10. Rxe4 Qc7 11. d4 Rd8 12. Bf4 Bd6 13. Bxd6 Rxd6 14. c3 f6
15. Qe2 cxd4 16. cxd4 Bd7 17. Rc1 Qb6 18. Bh3 f5 19. Re3 Rxd4 20. Nxd4 Nxd4 21.
Qd2 Bc6 22. Bg2 Bxg2 23. Kxg2 g5 24. Rd3 Qd8 25. Rxd4 Qf6 26. Rd1 Kg7 27. Rd8
Rxd8 28. Qxd8 Qxd8 29. Rxd8 Kf6 30. Rd7 1-0

[Event "Kalamazoo January Mini-Swiss.2"]
[Site "Kalamazoo, MI"]
[Date "2000.01.22"]
[Round "3"]
[White "Worley, Ron"]
[Black "Higgins, Richard"]
[Result "1-0"]
[WhiteElo "1358"]
[BlackElo "1175"]
[PlyCount "67"]
[EventDate "2000.01.22"]

1. e4 c5 2. f4 e6 3. Nf3 Nc6 4. c3 Be7 5. d4 cxd4 6. cxd4 d5 7. e5 Bb4+ 8. Bd2
Bxd2+ 9. Qxd2 Nge7 10. Bd3 Qa5 11. Qxa5 Nxa5 12. Nc3 Bd7 13. Bb5 Nac6 14. Na4
Rc8 15. Nc5 Rc7 16. Ke2 Nf5 17. Kd3 Nb4+ 18. Kc3 Nxa2+ 19. Rxa2 Bxb5 20. Rxa7
O-O 21. Rxb7 Rxb7 22. Nxb7 Be2 23. Nd2 Ba6 24. Nc5 Bc8 25. b4 f6 26. b5 fxe5
27. fxe5 Ne7 28. b6 Nc6 29. b7 Na5 30. b8=Q Nc6 31. Qb6 Ne7 32. Nxe6 Bxe6 33.
Qxe6+ Kh8 34. Qxe7 1-0

[Event "Kalamazoo January Mini-Swiss.1"]
[Site "Kalamazoo, MI"]
[Date "2000.01.22"]
[Round "2"]
[White "Williams, Ken"]
[Black "Rutgers, Randy"]
[Result "1-0"]
[WhiteElo "1884"]
[BlackElo "1575"]
[PlyCount "97"]
[EventDate "2000.01.22"]

1. d4 c5 2. d5 e6 3. c4 d6 4. Nc3 Nf6 5. e4 exd5 6. cxd5 a6 7. a4 Be7 8. Bd3
Bg4 9. f3 Bh5 10. Nge2 Nbd7 11. Nf4 Bg6 12. O-O Rc8 13. Be3 Ne5 14. Be2 O-O 15.
Rb1 Ne8 16. Qd2 h6 17. Nxg6 Nxg6 18. f4 Bf6 19. Nd1 Qe7 20. Nf2 c4 21. Rbd1 b5
22. axb5 axb5 23. Qb4 Nc7 24. e5 Nxe5 25. fxe5 Qxe5 26. Ng4 Nxd5 27. Qxb5 Qxe3+
28. Nxe3 Nxe3 29. Rxd6 Rb8 30. Rb6 Rxb6 31. Qxb6 Nxf1 32. Kxf1 c3 33. bxc3 Bxc3
34. Qc7 Bf6 35. Bc4 g5 36. Qd7 Kg7 37. Kf2 Kg6 38. Kf3 Kg7 39. Kg4 h5+ 40. Kf5
h4 41. Bb3 Bd8 42. Qd4+ Kg8 43. Kg4 Kh7 44. Bc2+ Kg8 45. Qd7 Kg7 46. Qd4+ Kg8
47. Kh5 f6 48. Qd7 f5 49. Bxf5 1-0

[Event "Kalamazoo January Mini-Swiss.1"]
[Site "Kalamazoo, MI"]
[Date "2000.01.22"]
[Round "1"]
[White "Williams, Ken"]
[Black "Bryant, Daniel"]
[Result "1/2-1/2"]
[WhiteElo "1884"]
[BlackElo "1627"]
[PlyCount "71"]
[EventDate "2000.01.22"]

1. d4 Nf6 2. c4 c5 3. d5 b5 4. cxb5 a6 5. b6 g6 6. Nc3 Bg7 7. e4 d6 8. a4 Qxb6
9. a5 Qb7 10. Be2 O-O 11. Nf3 Bg4 12. O-O Nbd7 13. h3 Bxf3 14. Bxf3 Qb4 15. Ra4
Qb7 16. Be2 Ne8 17. Qc2 Nc7 18. Ra3 Rfb8 19. Kh1 Nb5 20. Rb3 Bxc3 21. bxc3 Qc7
22. Bg5 f6 23. Bd2 c4 24. Rb4 Qxa5 25. Bxc4 Na3 26. Qb3 Nxc4 27. Qxc4 Nc5 28.
Rfb1 Rc8 29. Qd4 Qc7 30. c4 Rab8 31. R1b2 Rxb4 32. Bxb4 Rb8 33. Bxc5 Rxb2 34.
Qxb2 Qxc5 35. Qb8+ Kf7 36. Qh8 1/2-1/2

[Event "Kalamazoo January Mini-Swiss.3"]
[Site "Kalamazoo, MI"]
[Date "2000.01.22"]
[Round "1"]
[White "Walls, Jeff"]
[Black "King, Anthony"]
[Result "0-1"]
[WhiteElo "844"]
[BlackElo "1139"]
[PlyCount "74"]
[EventDate "2000.01.22"]

1. e4 c5 2. Bc4 d6 3. Bb5+ Bd7 4. Bxd7+ Qxd7 5. Nc3 Nf6 6. d3 e5 7. Bg5 Be7 8.
Bxf6 Bxf6 9. Nd5 Qd8 10. Nxf6+ Qxf6 11. Qf3 Qe6 12. h3 Nc6 13. Qg4 Qxg4 14.
hxg4 Nd4 15. Kd2 O-O 16. Ne2 Ne6 17. g3 Rfd8 18. f4 Nd4 19. fxe5 Nf3+ 20. Ke3
Nxe5 21. Rh4 Ng6 22. Rh2 d5 23. Nf4 Ne5 24. Rh4 g5 25. Rh5 Nxg4+ 26. Kf3 Ne5+
27. Ke3 gxf4+ 28. Kxf4 Ng6+ 29. Ke3 dxe4 30. dxe4 Rac8 31. e5 Re8 32. Ke4 Rc7
33. Rf5 Rce7 34. Rf6 Rxe5+ 35. Kd3 Rd8+ 36. Kc3 b5 37. Raf1 Re3# 0-1

[Event "Kalamazoo January Mini-Swiss.2"]
[Site "Kalamazoo, MI"]
[Date "2000.01.22"]
[Round "1"]
[White "Thompson, Dean"]
[Black "Higgins, Richard"]
[Result "1-0"]
[WhiteElo "1389"]
[BlackElo "1176"]
[PlyCount "115"]
[EventDate "2000.01.22"]

1. e4 c5 2. Nf3 Nc6 3. d4 cxd4 4. Nxd4 e6 5. c4 Qb6 6. Nb3 Nf6 7. Be3 Bb4+ 8.
N1d2 Qc7 9. a3 Bxd2+ 10. Nxd2 O-O 11. Qf3 d6 12. g4 e5 13. h3 Nd4 14. Bxd4 exd4
15. g5 Ne8 16. Nb3 Be6 17. Nxd4 Qa5+ 18. b4 Qxg5 19. Nxe6 fxe6 20. Qg4 Qf6 21.
Ra2 Qc3+ 22. Rd2 Nc7 23. Qg3 Qxg3 24. fxg3 Rad8 25. Be2 e5 26. Rf1 Ne6 27.
Rxf8+ Nxf8 28. c5 Kf7 29. Bc4+ Ke7 30. cxd6+ Rxd6 31. Rxd6 Kxd6 32. Bd5 b6 33.
Kd2 Nd7 34. Ke3 Nf6 35. Bc4 h6 36. Be2 Ke6 37. g4 Kd6 38. Kd3 Kc6 39. Kc4 Kc7
40. Bd3 Ne8 41. Kd5 Nf6+ 42. Kxe5 Kd7 43. Kf5 Ke7 44. Kg6 Kf8 45. Kf5 Ke7 46.
Bc4 g6+ 47. Kxg6 Nxe4 48. Kxh6 Kf6 49. h4 Nd6 50. g5+ Ke7 51. g6 Nf5+ 52. Kh7
Kf6 53. h5 a5 54. bxa5 bxa5 55. h6 a4 56. g7 Ne7 57. g8=Q Nxg8 58. Kxg8 1-0

[Event "Kalamazoo January Mini-Swiss.2"]
[Site "Kalamazoo, MI"]
[Date "2000.01.22"]
[Round "3"]
[White "Thompson, Dean"]
[Black "Henkel, Scott"]
[Result "1-0"]
[WhiteElo "1389"]
[BlackElo "1264"]
[PlyCount "57"]
[EventDate "2000.01.22"]

1. e4 d6 2. d4 Nf6 3. Nc3 g6 4. Nf3 Bg7 5. b3 c5 6. Bb2 Qa5 7. Qd2 O-O 8. d5
Nxe4 9. Nxe4 Qxd2+ 10. Kxd2 Bxb2 11. Re1 Bf5 12. h4 h5 13. c3 Nd7 14. Ng3 Bg4
15. Rxe7 Bxf3 16. Rxd7 Bxd5 17. Rxd6 Be6 18. Bd3 Rad8 19. Rxd8 Rxd8 20. Kc2 Ba3
21. Rb1 b5 22. Bxb5 c4 23. b4 Rd3 24. Rd1 Rxd1 25. Kxd1 f5 26. Nf1 f4 27. g3 f3
28. Nd2 Bf5 29. Nxc4 1-0

[Event "Kalamazoo January Mini-Swiss.3"]
[Site "Kalamazoo, MI"]
[Date "2000.01.22"]
[Round "2"]
[White "Smith, Adam"]
[Black "Peiris, Eshal"]
[Result "1-0"]
[WhiteElo "1342"]
[BlackElo "922"]
[PlyCount "71"]
[EventDate "2000.01.22"]

1. Nf3 c5 2. g3 Nc6 3. Bg2 g6 4. O-O Nf6 5. c4 Bg7 6. Nc3 O-O 7. e3 d6 8. d4
cxd4 9. exd4 d5 10. cxd5 Nxd5 11. h3 Ndb4 12. a3 Na6 13. Be3 Qb6 14. Qd2 Qd8
15. Ne2 Na5 16. Qd3 Qb6 17. b4 Bf5 18. Qc3 Rac8 19. bxa5 Qb5 20. Qd2 Rc2 21.
Nc3 Qxa5 22. Qe1 Qxc3 23. Qxc3 Rxc3 24. Nh4 Rd3 25. Nxf5 gxf5 26. Bxb7 Nc7 27.
Rac1 Nb5 28. Ba6 Rb3 29. Rb1 Rxb1 30. Rxb1 Nxa3 31. Rc1 Rd8 32. d5 Rxd5 33.
Rc8+ Bf8 34. Bh6 Rd1+ 35. Kg2 f6 36. Rxf8# 1-0

[Event "Kalamazoo January Mini-Swiss.1"]
[Site "Kalamazoo, MI"]
[Date "2000.01.22"]
[Round "1"]
[White "Rutgers, Randy"]
[Black "Dorrington, Eldon"]
[Result "1-0"]
[WhiteElo "1575"]
[BlackElo "1597"]
[PlyCount "93"]
[EventDate "2000.01.22"]

1. d4 Nf6 2. Nc3 g6 3. e4 d6 4. f4 Bg7 5. Nf3 O-O 6. Bc4 c5 7. d5 Nbd7 8. a4 a6
9. O-O Nb6 10. Ba2 Rb8 11. Qe2 Na8 12. e5 Nh5 13. Ne4 b5 14. axb5 axb5 15. c4
b4 16. b3 Qc7 17. Neg5 Bg4 18. Bb2 Nxf4 19. Qe4 Bxf3 20. Nxf3 dxe5 21. Bxe5
Bxe5 22. Nxe5 Nh5 23. Rae1 Rbe8 24. Bb1 Qd6 25. Bc2 e6 26. Bd1 Ng7 27. Ng4 f5
28. Nh6+ Kh8 29. Qe5 Qxe5 30. Rxe5 exd5 31. Rxd5 Ne6 32. Rd7 Ng5 33. h4 Ne4 34.
Bf3 Nb6 35. Rb7 Rf6 36. Re1 Rfe6 37. Bxe4 fxe4 38. Nf7+ Kg8 39. Ng5 R6e7 40.
Rxb6 e3 41. Re2 Re5 42. Nf3 Rf5 43. Rd6 Rf4 44. Rd3 Rfe4 45. Rd5 Ra8 46. g3 Ra3
47. Rd3 1-0

[Event "Kalamazoo January Mini-Swiss.1"]
[Site "Kalamazoo, MI"]
[Date "2000.01.22"]
[Round "3"]
[White "Rutgers, Randy"]
[Black "Bryant, Daniel"]
[Result "1-0"]
[WhiteElo "1575"]
[BlackElo "1627"]
[PlyCount "43"]
[EventDate "2000.01.22"]

1. d4 Nf6 2. Nc3 g6 3. e4 d6 4. f4 Bg7 5. Nf3 O-O 6. Bc4 Nbd7 7. e5 dxe5 8.
fxe5 Ne8 9. O-O Rb8 10. e6 fxe6 11. Bxe6+ Kh8 12. Ng5 Ndf6 13. Nf7+ Rxf7 14.
Bxf7 Ng4 15. d5 Nef6 16. Bf4 Nh5 17. Qf3 Nxf4 18. Qxf4 Be5 19. Qg5 Bd4+ 20. Kh1
Nf2+ 21. Rxf2 Bxf2 22. Qe5# 1-0

[Event "Kalamazoo January Mini-Swiss.2"]
[Site "Kalamazoo, MI"]
[Date "2000.01.22"]
[Round "1"]
[White "Ringler, Dave"]
[Black "Miller, Doug"]
[Result "0-1"]
[WhiteElo "980"]
[BlackElo "1309"]
[PlyCount "73"]
[EventDate "2000.01.22"]

1. e4 c5 2. Nf3 Nc6 3. d4 cxd4 4. Nxd4 d6 5. Bc4 Nf6 6. Nc3 Bd7 7. Bg5 e5 8.
Nde2 Be7 9. Qd2 O-O 10. O-O-O Na5 11. Bb5 Bxb5 12. Nxb5 Qb6 13. Nec3 a6 14.
Bxf6 Bxf6 15. Nxd6 Rfd8 16. Nd5 Qxd6 17. Nxf6+ Qxf6 18. Qxa5 h6 19. Rxd8+ Rxd8
20. g3 Rc8 21. Qd2 Rd8 22. Qe3 Qe6 23. b3 Qh3 24. Rd1 Rxd1+ 25. Kxd1 Qxh2 26.
Qc5 Qh1+ 27. Kd2 Qxe4 28. a4 f5 29. Qe3 Qxe3+ 30. Kxe3 Kf7 31. b4 Ke6 32. c4 g5
33. f4 exf4+ 34. gxf4 g4 35. Kf2 h5 36. Kg3 Kd6 37. Kh4 0-1

[Event "Kalamazoo January Mini-Swiss.2"]
[Site "Kalamazoo, MI"]
[Date "2000.01.22"]
[Round "3"]
[White "Ringler, Dave"]
[Black "Linklater, Erik"]
[Result "1-0"]
[WhiteElo "980"]
[BlackElo "719"]
[PlyCount "45"]
[EventDate "2000.01.22"]

1. e4 e6 2. Nf3 d5 3. exd5 exd5 4. d4 Nf6 5. c4 dxc4 6. Bxc4 c6 7. Nc3 Be7 8.
O-O O-O 9. Bg5 Nbd7 10. Qc2 b6 11. Rfe1 Bb7 12. Ne4 Re8 13. Rad1 Qc7 14. Nxf6+
Nxf6 15. Ne5 Nd5 16. Bxd5 Bxg5 17. Bxf7+ Kf8 18. Qxh7 Ke7 19. Ng6+ Kd7 20.
Bxe8+ Rxe8 21. Qxg7+ Kc8 22. Qxc7+ Kxc7 23. Rxe8 1-0

[Event "Kalamazoo January Mini-Swiss.1"]
[Site "Kalamazoo, MI"]
[Date "2000.01.22"]
[Round "1"]
[White "Post, Robert"]
[Black "Evans Sr., Thomas"]
[Result "0-1"]
[WhiteElo "1623"]
[BlackElo "1873"]
[PlyCount "106"]
[EventDate "2000.01.22"]

1. d4 e6 2. e4 Bb4+ 3. c3 Be7 4. Nf3 Nf6 5. Bd3 b6 6. e5 Nd5 7. O-O f5 8. exf6
Nxf6 9. Bg5 Bb7 10. Nbd2 O-O 11. Qc2 h6 12. Bxf6 Bxf6 13. Be4 d5 14. Bh7+ Kh8
15. Rae1 Qd7 16. Ne5 Bxe5 17. Rxe5 Nc6 18. Re3 Rf6 19. Nf3 Raf8 20. Ne5 Nxe5
21. dxe5 Rf4 22. Bd3 c5 23. Rg3 d4 24. f3 Qc7 25. cxd4 Rxd4 26. Re1 Rfd8 27.
Bc4 Qd7 28. Rg6 Bd5 29. Bxd5 Qxd5 30. Qc1 Rd1 31. Rxd1 Qxd1+ 32. Qxd1 Rxd1+ 33.
Kf2 Rd2+ 34. Ke3 Rxb2 35. Rxe6 Kg8 36. Rd6 Rxa2 37. e6 Kf8 38. Rd7 Rxg2 39.
Rxa7 Rg6 40. e7+ Ke8 41. Rb7 Rc6 42. Kd3 c4+ 43. Kc3 b5 44. f4 Rc5 45. h4 Rf5
46. Rb8+ Kxe7 47. Rb7+ Kf6 48. Rb6+ Kf7 49. Rb7+ Kg6 50. Rb6+ Kh5 51. Rb7 Kxh4
52. Rxg7 Rxf4 53. Rb7 Rf3+ 0-1

[Event "Kalamazoo January Mini-Swiss.3"]
[Site "Kalamazoo, MI"]
[Date "2000.01.22"]
[Round "3"]
[White "Peiris, Eshal"]
[Black "Walls, Jeff"]
[Result "1-0"]
[WhiteElo "922"]
[BlackElo "844"]
[PlyCount "94"]
[EventDate "2000.01.22"]

1. e4 e5 2. Nf3 Bd6 3. Bc4 a6 4. d3 b5 5. Bd5 c6 6. Bb3 a5 7. Ng5 Nh6 8. Qf3
Qf6 9. Qxf6 gxf6 10. Nf3 a4 11. Bxh6 axb3 12. cxb3 Bb4+ 13. Nbd2 Bxd2+ 14. Nxd2
Rg8 15. O-O Na6 16. Nf3 Nc5 17. d4 exd4 18. Nxd4 Nxe4 19. Ne2 Ba6 20. Nf4 Rg4
21. Rfe1 d5 22. f3 Rh4 23. fxe4 Rxh6 24. exd5+ Kd7 25. dxc6+ Kxc6 26. Rac1+ Kd6
27. Rcd1+ Kc6 28. Re2 Bc8 29. Rc2+ Kb7 30. Re2 Rxa2 31. Re7+ Ka6 32. Rd6+ Ka5
33. Ra7+ Kb4 34. Rxa2 Kxb3 35. Ra5 b4 36. Rb5 Kc4 37. Rb8 Kc5 38. Rd1 Be6 39.
Nxe6+ fxe6 40. Rc8+ Kb5 41. b3 Rh4 42. Rdc1 Kb6 43. Rb8+ Ka7 44. Re8 Re4 45.
Rc6 Kb7 46. Rcxe6 Rxe6 47. Rxe6 Kc7 1-0

[Event "Kalamazoo January Mini-Swiss.3"]
[Site "Kalamazoo, MI"]
[Date "2000.01.22"]
[Round "1"]
[White "Peiris, Eshal"]
[Black "Anderson, Brandon"]
[Result "1-0"]
[WhiteElo "922"]
[BlackElo "778"]
[PlyCount "47"]
[EventDate "2000.01.22"]

1. e4 e6 2. Nf3 Nf6 3. e5 Nd5 4. d3 b6 5. g3 f6 6. exf6 gxf6 7. Bg2 b5 8. c4
bxc4 9. dxc4 Nb6 10. Ne5 c6 11. O-O fxe5 12. Qh5+ Ke7 13. Bg5+ Kd6 14. Bxd8
Nxc4 15. Rd1+ Kc5 16. b3 Bg7 17. bxc4 Rxd8 18. Qg5 Rg8 19. Qe7+ Kb6 20. Qb4+
Kc7 21. Qa5+ Kb7 22. Na3 Na6 23. Rab1+ Nb4 24. Rxb4# 1-0

[Event "Kalamazoo January Mini-Swiss.3"]
[Site "Kalamazoo, MI"]
[Date "2000.01.22"]
[Round "2"]
[White "Ontiveros, Mark"]
[Black "Lawitzke, John"]
[Result "0-1"]
[WhiteElo "831"]
[BlackElo "973"]
[PlyCount "38"]
[EventDate "2000.01.22"]

1. d4 Nf6 2. c3 e6 3. f3 d5 4. Bg5 Nbd7 5. e4 Be7 6. Bxf6 Bxf6 7. e5 Bg5 8. Nh3
Be7 9. c4 dxc4 10. Bxc4 O-O 11. Nd2 c5 12. d5 exd5 13. Bxd5 Nxe5 14. Ne4 Re8
15. f4 Nd7 16. Neg5 Bxg5+ 17. Kf1 Bf6 18. Qb3 Qe7 19. Re1 Qxe1# 0-1

[Event "Kalamazoo January Mini-Swiss.3"]
[Site "Kalamazoo, MI"]
[Date "2000.01.22"]
[Round "3"]
[White "Ontiveros, Mark"]
[Black "Beaman, Matt"]
[Result "0-1"]
[WhiteElo "831"]
[BlackElo "714"]
[PlyCount "62"]
[EventDate "2000.01.22"]

1. d4 e5 2. c3 exd4 3. cxd4 Nf6 4. f3 Bd6 5. e4 O-O 6. e5 Bb4+ 7. Bd2 Bxd2+ 8.
Qxd2 Nd5 9. Nh3 d6 10. g4 dxe5 11. dxe5 Re8 12. f4 Bxg4 13. Ng5 Qe7 14. Qxd5
Qb4+ 15. Nc3 Rf8 16. Rb1 Qxf4 17. Qd2 Qxe5+ 18. Nce4 Nc6 19. Be2 Bxe2 20. Qxe2
Rad8 21. Nf3 Qf4 22. Rf1 Nd4 23. Nxd4 Qh4+ 24. Rf2 Rxd4 25. Kf1 Rxe4 26. Qd2
Qh3+ 27. Rg2 Qf3+ 28. Qf2 Qd3+ 29. Kg1 Qxb1+ 30. Qf1 Qxf1+ 31. Kxf1 Rd8 0-1